LEADER 01255nam a2200301 i 4500 001 000000146777 003 CaOOAMICUS 005 20250521114559.0 008 060117s1984 it u000 u ita u 013 $a123674 040 $aSeMil$bita 100 1 $aHeisenberg, Werner <1901-1976>.$0(OLS)http://semarc/name/44177 240 10$aPhysics and Beyond : encounters and conversations.$0(OLS)http://semarc/title/214640 245 10$aFisica e oltre :$bincontri con i protagonisti 1920-1965 /$cWerner Heisenberg. 260 $aTorino :$bBoringhieri,$ccopyr. 1984. 300 $a261 p. ;$c22 cm. 490 0 $aProve. Saggi scientifici 500 $aFondo Ciprandi. 650 4$aFisica e filosofia.$0(OLS)http://semarc/subject/10524 650 4$aFisica - Epistemologia.$0(OLS)http://semarc/subject/28719 830 0$aProve. Saggi scientifici.$0(OLS)http://semarc/title/20172 850 $aSeMil 852 $aSeMil$W1$xVenegono$y1$m3XA II 8$j99399$B99399$CSeMilBibl$Z2$F107910 $81 941 1 $a1 961 $aOmaggio: Ciprandi dott. Paolo 996 $6245$aFisica e oltre :$bincontri con i protagonisti 1920-1965$9(OLS)http://semarc/title/214639 996 $6260$aTorino :$bBoringhieri$9(OLS)http://semarc/publisher/30229 LEADER 01011nam a2200253 i 4500 001 000000101236 003 CaOOAMICUS 005 20180830171918.0 008 180830s1995 xx u000 u und u 013 $a73388 020 $a88-05-0-5396-1- 040 $aSeMil$bita 100 1 $aDal Covolo, Enrico,$c.$0(OLS)http://semarc/name/839 245 10$aIntroduzione ai Padri della Chiesa. Secoli IV e V. 260 $aTorino :$bSEI,$c1995. 300 $a493 p. 650 4$aPatrologia - Introduzioni.$0(OLS)http://semarc/subject/2501 700 1 $aBosio, Guido.$0(OLS)http://semarc/name/838 700 1 $aMaritano, Mario.$0(OLS)http://semarc/name/840 850 $aSeMil 852 $aSeMil$W1$xVenegono$y1$m54 38 4 *$j58130$B58130$CSeMilBibl$Z2$F68747 $81 996 $6020$a88-05-0-5396-1-$9(OLS)http://semarc/number/81048 996 $6245$aIntroduzione ai Padri della Chiesa. Secoli IV e V$9(OLS)http://semarc/title/148204 996 $6260$aTorino :$bSEI$9(OLS)http://semarc/publisher/29848